000 00284nam a2200121Ia 4500
005 20251222154333.0
008 251222s9999||||xx |||||||||||||| ||spa||
020 _a84-02-04272-4
082 _a611/H76
100 _a"Horrobin, David F."
245 0 _aEl organismo humano
942 _cLIB
999 _c34226
_d34226